Soubor ekonomických ukazatelů resortu školství ČSR za rok 1989

Na minha lista:
Detalhes bibliográficos
Formato: Livro
Idioma:tcheco
Publicado em: Praha Ústav školských informací při MŠ ČSR 1990
Tags: Adicionar Tag
Sem tags, seja o primeiro a adicionar uma tag!

MARC

LEADER 00000nam a2200000 4500
001 c027533
005 20251111091454.1
041 0 |a cze 
044 |a CZ 
245 1 0 |a Soubor ekonomických ukazatelů resortu školství ČSR za rok 1989 
264 1 |a Praha  |b Ústav školských informací při MŠ ČSR  |c 1990 
300 |a 166 s.